[Event "Xeraco Region-ch Segunda"]
[Site "Xeraco"]
[Date "2016.11.19"]
[Round "7.2"]
[White "Arnal Peiro, Antonio"]
[Black "Rosello Rosello, Antonio"]
[Result "0-1"]
[WhiteElo "1367"]
[BlackElo "1255"]
[PlyCount "62"]
[EventDate "2016.10.01"]
[EventType "swiss"]
[EventRounds "7"]
[EventCountry "ESP"]
[SourceTitle "EXT 2024"]
[Source "ChessBase"]
[SourceDate "2023.10.10"]
[SourceVersion "1"]
[SourceVersionDate "2023.10.10"]
[SourceQuality "1"]

1. d4 d5 2. Nc3 Nf6 3. f3 e6 4. e3 Bd6 5. Bd3 Nc6 6. a3 0-0 7. Nge2 Nh5 8. g3 Qf6 9. f4 Qh6 10. Kd2 a6 11. Qf1 b5 12. h4 Nf6 13. Qf3 b4 14. Nd1 Rb8 15. Nf2 Na5 16. Ng4 Nxg4 17. Qxg4 b3 18. c3 Bb7 19. Ng1 Nc4+ 20. Ke2 f5 21. Qf3 Bc6 22. g4 Be8 23. h5 fxg4 24. Qxg4 e5 25. dxe5 Bc5 26. Nf3 Rd8 27. Nd4 Rc8 28. Rg1 Bxh5 29. Kf3 Bxg4+ 30. Rxg4 Qh3+ 31. Rg3 Nxe5+ 0-1